Sports Quiz

Random Sports or Letter Quiz
Score 0/9 Timer 02:00
3 Plays Today
% Correct
(LA) Kings
81.4%
(Sac) Kings
81.4%
Lions
75.4%
Lakers
72.1%
Nets
71.3%
Knicks
61.1%
Nationals
53.8%
Nuggets
35.5%
Lightning
33.8%

You're not logged in!

Compare scores with friends on all Sporcle quizzes.
OR
Log In
Forgot?

From the Vault

'Q' in Geography

by RobPro

When did it become Qeography?
Remove Ads.
Support Sporcle.
Get the best of Sporcle when you Go Orange. This ad-free experience offers more features, more stats, and more fun while also helping to support Sporcle. Thank you for becoming a member.

Show Comments

Extras

Top Quizzes Today


Score Distribution

Your Account Isn't Verified!

In order to create a playlist on Sporcle, you need to verify the email address you used during registration. Go to your Sporcle Settings to finish the process.

Report this User

Report this user for behavior that violates our Community Guidelines.

Details: